000 00548nam a22001577a 4500
008 140218b xxu||||| |||| 00| 0 eng d
020 _a9780797493315
050 _aBT613.N339 2013
100 _aNcube, Mabuza
_98705
245 _aMariya Mama Lethemba le Africa /
_cFr. Raphael Mabuza Ncube; Ndebele translation by Simelinkosi Masango
246 _aUkukhuthaza Ukwaziswa Kukamama Umariya E Africa
260 _aPlumtree
_bIIizwi Publications
_c2013
300 _a240p.
_c23cm.
650 _aMary, Blessed Virgin
_98706
942 _2lcc
_cMONOGRAPH
999 _c120075
_d120075